A textbook of materials/ (Record no. 6503)
[ view plain ]
| 000 -LEADER | |
|---|---|
| fixed length control field | 00704nac a22002051u 4500 |
| 010 ## - LIBRARY OF CONGRESS CONTROL NUMBER | |
| LC control number | |
| 082 00 - DEWEY DECIMAL CLASSIFICATION NUMBER | |
| Classification number | 620.11 |
| Item number | NAR |
| 090 ## - LOCALLY ASSIGNED LC-TYPE CALL NUMBER (OCLC); LOCAL CALL NUMBER (OCLC) | |
| -- | 6503 |
| -- | 6503 |
| 100 ## - MAIN ENTRY--PERSONAL NAME | |
| Personal name | Narayan, Shanti |
| 245 12 - TITLE STATEMENT | |
| Title | A textbook of materials/ |
| Statement of responsibility, etc | Shanti Narayan,; revised by P. K. Mittal |
| 260 ## - PUBLICATION, DISTRIBUTION, ETC. (IMPRINT) | |
| Place of publication, distribution, etc | New Delhi: |
| Name of publisher, distributor, etc | S. Chand &Company,2005 |
| Date of publication, distribution, etc | 2005 |
| 300 ## - PHYSICAL DESCRIPTION | |
| Extent | 309 p. |
| Other physical details | ill. |
| Dimensions | 25 cm. |
| 490 0# - Series Statement | |
| Series statement | Addison-Wesley series in metallurgy and materials |
| 500 ## - GENERAL NOTE | |
| General note | distributer: Al-Ahram |
| 511 ## - PARTICIPANT OR PERFORMER NOTE | |
| Participant or performer note | catalogued by: wessam |
| 650 #0 - SUBJECT ADDED ENTRY--TOPICAL TERM | |
| Topical term or geographic name as entry element | Materials. |
| 700 ## - ADDED ENTRY--PERSONAL NAME | |
| Personal name | Mittal P. K. |
| 942 ## - ADDED ENTRY ELEMENTS (KOHA) | |
| Item type | Book - Borrowing |
| Call number prefix | 620.11NAR |
| Withdrawn status | Item status | Damaged status | Not for loan | Home library | Current library | Shelving location | Date acquired | Source of acquisition | Total Checkouts | Full call number | Barcode | Date last seen | Date last borrowed | Koha item type |
|---|---|---|---|---|---|---|---|---|---|---|---|---|---|---|
| Central Library | Central Library | First floor | 26/11/2007 | Purchase | 1 | 620.11NAR | 000007342 | 15/07/2025 | 08/07/2009 | Book - Borrowing |